000 01459nam a2200349 a 4500
001 00319
003 DO-SdBNP
005 20180307112719.0
007 00319
008 150130s20uu dr abc 000 0 spa d
020 _a9945400231
040 _aBPMSU
_bspa
_cBPMSU
082 0 4 _a373.57
_bV335f 1ro. [20--]
100 1 _aVásquez Güichardo, Julia Mery
245 1 0 _a Física 1 :
_bteoría y práctica /
_cJulia Mery Vásquez Güichardo, Andrea Griselda Rincón ; producción editorial María del Jesús de la Rosa
260 _aSanto Domingo :
_bActualidad Escolar 2000,
_c[200-?]
300 _a196 p. :
_bil.:
_c28 cm.
500 _a Segundo grado primer ciclo / Educación media
500 _a
505 1 _gUnidad 1 :
_tIntroducción a la física --
_gUnidad 2 :
_t Fuerza y movimiento --
_gUnidad 3 :
_t Trabajo y energía --
_gUnidad 4 :
_tLos fluídos --
_gUnidad 5 :
_t Fenómenos ondulatorios --
_gUnidad 6 :
_tÓptica --
650 4 _a FÍSICA
_x ENSEÑANZA SECUNDARIA
_x
650 4 _aFÍSICA
_xEDUCACIÓN SECUNDARIA
_x
650 4 _aFÍSICA
_xESTUDIOS Y EJERCICIOS
650 4 _aFÍSICA
_xLIBROS DE TEXTOS
650 4 _aEDUCACIÓN SECUNDARIA
_zREPÚBLICA DOMINICANA
700 1 _aRincón, Andrea Griselda
700 1 _aRosa, María del Jesús de la
_e ed.
910 _aValidado. Control de calidad MFF
942 _2ddc
_cBK
945 _aRemanejado para la BNPHU / 2018 VM
956 _aVMATEO
_b10
_c20160519
_dBPMSU
_f0069
999 _c10178
_d10178